Horarios de salida nocturna para menores (recorte) /

Guardado en:
Formato: Libro
Publicado: : , 1995
Materias:
Fc
Etiquetas: Agregar Etiqueta
Sin Etiquetas, Sea el primero en etiquetar este registro!
LEADER 00522nam a22001575a 4500
001 CEM.cems008964
005 20060214000000.0
008 130507s1995##################000#0#####d
003 CEMS
082 0 4 |a F050 
245 0 0 |a Horarios de salida nocturna para menores (recorte) / 
260 |a  :  |b ,  |c 1995 
505 0 |a Recortes period¡sticos. Recortes period¡sticos. Recortes period¡sticos. Recortes period¡sticos. 
653 |a Adolescentes-salidas nocturnas 
653 |a Fc 
859 |a CEMS  |b BIB. CEMS - 11 de abril  |h F050  |i 3  |p 1342.44  |t Ej.1